<An> introduction to statistical concepts

Saved in:
Bibliographic Details
Main Author: Lomax, Richard G.
Other Authors: Hahs-Vaughn, Debbie L.
Format: Book
Language:English
Published: New York Routledge/Taylor & Francis Group 2012
Edition:3rd ed.
Subjects:
Tags: Add Tag
No Tags, Be the first to tag this record!

MARC

LEADER 00000nam a2200000 4500
001 0159626
005 20240306140338.1
020 |a 978-0-415-88005-3 
041 0 |a eng 
044 |a US 
245 1 0 |a <An> introduction to statistical concepts  |c Richard G. Lomax, Debbie L. Hahs-Vaughn 
250 |a 3rd ed. 
264 1 |a New York  |b Routledge/Taylor & Francis Group  |c 2012 
300 |a xv, 822 s. 
610 2 0 |a štatistika 
610 2 0 |a štatistika matematická 
610 2 0 |a dáta 
610 2 0 |a pravdepodobnosť 
610 2 0 |a modelovanie 
610 2 0 |a modely 
610 2 0 |a regresia 
100 1 |a Lomax, Richard G. 
700 1 |a Hahs-Vaughn, Debbie L.